La historia de la educación entre Europa y América : estudios en honor del profesor Claudio Lozano Seijas /
Сохранить в:
| Другие авторы: | , , |
|---|---|
| Формат: | Электронный ресурс eКнига |
| Язык: | испанский |
| Опубликовано: |
Madrid :
Dykinson, S.L.,
[2018]
|
| Предметы: | |
| Online-ссылка: | Digitalia Hispánica |
| Метки: |
Добавить метку
Нет меток, Требуется 1-ая метка записи!
|
MARC
| LEADER | 00000nam a2200000Ii 4500 | ||
|---|---|---|---|
| 001 | DIGDYK1368 | ||
| 003 | NyNyDIG | ||
| 006 | m o d | ||
| 007 | cr ||||||||||| | ||
| 008 | 220226s2018 sp ob 000 0 spa d | ||
| 035 | |a (OCoLC)1170774155 | ||
| 040 | |a DGITA |b eng |e rda |e pn |c DGITA | ||
| 020 | |a 9788491488880 |q eBook |q pdf | ||
| 020 | |z 9788491488651 | ||
| 043 | |a e-sp--- |a cl----- | ||
| 050 | 1 | 4 | |a LA11 ebook |
| 082 | 0 | 4 | |a 370.9 |
| 245 | 0 | 3 | |a La historia de la educación entre Europa y América : |b estudios en honor del profesor Claudio Lozano Seijas / |c Olegario Negrín-Fajardo, Javier Vergara Ciordia, Conrado Vilanou Torrano (directores) |
| 264 | 1 | |a Madrid : |b Dykinson, S.L., |c [2018] | |
| 300 | |a 1 online resource. | ||
| 336 | |a text |b txt |2 rdacontent | ||
| 337 | |a computer |b c |2 rdamedia | ||
| 338 | |a online resource |b cr |2 rdacarrier | ||
| 347 | |a text file |2 rdaft | ||
| 347 | |b PDF | ||
| 504 | |a Includes bibliographical references. | ||
| 588 | 0 | |a Online resource; title from PDF title page (Digitalia, viewed February 26, 2022) | |
| 600 | 1 | 0 | |a Lozano Seijas, Claudio. |
| 650 | 0 | |a Education |x History |z Spain. | |
| 650 | 0 | |a Education |x History |z Latin America. | |
| 655 | 0 | |a Electronic books. | |
| 700 | 1 | |a Negrín Fajardo, Olegario, |d 1949- |e editor. | |
| 700 | 1 | |a Vergara Ciordia, Javier, |e editor. | |
| 700 | 1 | |a Vilanou, Conrado, |e editor. | |
| 791 | 2 | |a Digitalia (Firm), |e distributor. | |
| 793 | 0 | |g Digitalia eBook Collection: |a Dykinson Editorial | |
| 776 | 0 | 8 | |i Print version: |t Historia de la educación entre Europa y América. |d Madrid : Dykinson S.L., [2018] |z 9788491488651 |
| 856 | 4 | 0 | |3 Digitalia Hispánica |u https://digitalia.unach.elogim.com/a/56258/ |
| 910 | |a Premium collection: 2022 | ||